Culture Générale - Série 503 - Statistiques

Statistiques générales
  • Ce quiz a été pris 271 fois
  • Le résultat moyen est 5 sur 10
Statistiques - réponses
Question Réponse % Correct
Dans quel domaine artistique utilise-t-on généralement un diapason ? musique
92%
Dans l'exercice de quelle discipline artistique peut-on réaliser des entrechats ? danse
87%
Dans les courses à la voile, quel nom spécifique donne-t-on aux bateaux à deux coques ? Catamaran
75%
Dans les Charentes, et par définition, quel est l'aliment de base d'une mouclade ? moules
73%
Quel animateur a présenté les émissions "Perdu de vue" et "Témoin numéro 1" dans les années 1990 ? Jacques Pradel
39%
Quel ancien présentateur du journal télévisé, de La Cinq, prénommé Jean-Claude, a écrit plusieurs livres sur les ovnis ? Jean-Claude Bourret
39%
Dans quelle émission présentée par Jacques Martin Pierre Desproges fait-il ses débuts à la télévision ? Le Petit Rapporteur
38%
Avec "jaser" et "cajoler", quel autre verbe désigne le cri poussé par la pie ? jacasser
27%
A quel animal Pierre Perret associe-t-il des cuisses dans le titre d'une chanson de 1968 ? mouche
23%
Dans quel film d'Alain Corneau, Gérard Depardieu incarne-t-il un lieutenant qui combat au Sahara ? Fort Saganne
21%
Aucun quiz correspondant
Distribution des résultats
% des personnes avec chaque résultat
Percentile par nombre de réponses
Votre historique - résultats
Vous n’avez pas pris ce quiz